000 00638nam a22002177a 4500
003 UA-OsUOA
001 75672
007 ta
008 20110527b un ||||| |||| 00| 0 ukr d
100 _aГоркіна Л.
090 _a330(477)
_bГ69
942 _cSA
040 _aUA-OsUOA
_bukr
_cUA-OsUOA
_dUA-OsUOA
245 _aКооперація у контексті ліберально-демократичної концепції модернізації суспільства
300 _aС.4-15
955 _a0
041 _aukr
080 _a330(477)
773 0 _w75670
650 7 _a330 Економіка взагалі
_2UDC
999 _c361965
_d361965